000 00859nam a2200241 a 4500
001 000017390
005 20240412074247.0
008 100324s1949 dr 001 0 spa d
040 _aDO-SdBNP
_bspa
_cBNPHU
082 _aRD863.42
_bR758c
100 1 _aRomán, Miguel Alberto
_938068
245 1 0 _aCompay Chano /
_cMiguel Alberto Román.
260 _aCiudad Trujillo :
_bEl Caribe,
_c1949.
300 _a349 p. ;
_c25 cm.
500 _aBibliografía: p. 349.
650 0 _aNovela histórica dominicana.
_9860
650 0 _aLiteratura dominicana.
_967
651 4 _aRepública Dominicana
_xHistoria
_xNovela
_910015
651 4 _aHaití
_xEmigración E Inmigración
_zRepública Dominicana
_xNovela
_938069
651 4 _aRepública Dominicana
_xEmigración E Inmigración
_zHaití
_xNovela
_938070
910 _aValidado. Control de calidad EMS
049 _aBNPD
999 _c16915
_d16915